000
00282nam a2200133Ia 4500
100
_a
Alli/Syed R
942
_c
BK
654
_a
digital
245
_a
Digital switching system
260
_b
Tata Mc Graw hill
_c
2002
082
_a
621.387
_b
ALI
300
_a
219
546
_a
ENGLISH
999
_c
28928
_d
28928